Industrial project management (Record no. 19361)

MARC details
000 -LEADER
fixed length control field 00693nam a2200217Ia 4500
003 - CONTROL NUMBER IDENTIFIER
control field IN-BaIIA
008 - FIXED-LENGTH DATA ELEMENTS--GENERAL INFORMATION
fixed length control field 211028s9999 xx 000 0 eng d
020 ## - INTERNATIONAL STANDARD BOOK NUMBER
International Standard Book Number 978-1-138-58162-3
040 ## - CATALOGING SOURCE
Transcribing agency IIA Library
080 ## - UNIVERSAL DECIMAL CLASSIFICATION NUMBER
Universal Decimal Classification number 658
Item number BAD
100 ## - MAIN ENTRY--PERSONAL NAME
Personal name Badiru, Adedeji
9 (RLIN) 37021
245 #0 - TITLE STATEMENT
Title Industrial project management
Remainder of title concept.s, tools, and techniques
Statement of responsibility, etc. Adedeji Badiru, Abidemi Badiru and Adetokunboh Badiru
260 ## - PUBLICATION, DISTRIBUTION, ETC.
Place of publication, distribution, etc. Boca Raton
Name of publisher, distributor, etc. CRC Press
Date of publication, distribution, etc. 2018
300 ## - PHYSICAL DESCRIPTION
Extent xiii, 306p.
650 ## - SUBJECT ADDED ENTRY--TOPICAL TERM
Topical term or geographic name entry element Industrial concepts
9 (RLIN) 37022
650 ## - SUBJECT ADDED ENTRY--TOPICAL TERM
Topical term or geographic name entry element Industrial techniques
9 (RLIN) 37023
650 ## - SUBJECT ADDED ENTRY--TOPICAL TERM
Topical term or geographic name entry element Project management
9 (RLIN) 37024
700 ## - ADDED ENTRY--PERSONAL NAME
Personal name Badiru, Abidemi
9 (RLIN) 37025
700 ## - ADDED ENTRY--PERSONAL NAME
Personal name Badiru, Adetokunboh
9 (RLIN) 37026
942 ## - ADDED ENTRY ELEMENTS (KOHA)
Koha item type Books
Holdings
Withdrawn status Lost status Damaged status Not for loan Home library Current library Shelving location Date acquired Total Checkouts Full call number Barcode Date last seen Price effective from Koha item type
        IIA Library-Bangalore IIA Library-Bangalore General Stacks 31/08/2018   658/ BAD 20283 05/11/2021 31/08/2018 Books

Powered by Koha